| 000 | 00625nam a22002417a 4500 | ||
|---|---|---|---|
| 003 | OSt | ||
| 005 | 20140310182952.0 | ||
| 008 | 130206t xxu||||| |||| 00| 0 eng d | ||
| 020 | _a9789715847032 | ||
| 050 |
_aKPM 1624 _b.D85 2008 |
||
| 100 | _aDuka, Cecilio D. | ||
| 245 |
_aThe law and the teaching profession in the Philippines / _cCecilio Dioneda Duka. |
||
| 260 |
_aQuezon City : _b C & E Pub., _c2008. |
||
| 300 |
_a317 p. : _b ill. ; _c22 cm. |
||
| 521 | _aEDU | ||
| 562 | _e5 | ||
| 942 |
_2lcc _cBK _kLOC |
||
| 999 |
_c17928 _d17928 |
||